000
00301 a2200157 4500
001
62816
020
_a
888595736
040
_c
Anchieta - Pituba
100
_a
Cesati, Franco
240
1
0
_a
I Medici
_l
por
245
1
0
_a
I Medici
300
_a
143
362
0
_a
1999
650
4
_a
Artes
942
_c
BK
999
_c
62816
_d
62816